Tous les vainqueurs de la CAN - Statistiques

Statistiques générales
  • Ce quiz a été pris 62 fois
  • Le résultat moyen est 31 sur 35
Statistiques - réponses
Hint Réponse % Correct
2010 Egypte
100%
2008 Egypte
100%
2006 Egypte
100%
1998 Egypte
100%
1986 Egypte
100%
1959 Egypte
100%
1957 Egypte
100%
2025 Sénégal
100%
2021 Sénégal
100%
2019 Algérie
98%
1990 Algérie
98%
2004 Tunisie
98%
2017 Cameroun
96%
2002 Cameroun
96%
2002 Cameroun
96%
1988 Cameroun
96%
1984 Cameroun
96%
2023 Cote d'ivoire
96%
2015 Cote d'ivoire
96%
1992 Cote d'ivoire
96%
1976 Maroc
96%
1996 Afrique du sud
93%
1972 Congo
88%
2013 Nigeria
88%
1994 Nigeria
88%
1980 Nigeria
88%
1982 Ghana
77%
1978 Ghana
77%
1965 Ghana
77%
1963 Ghana
77%
2012 Zambie
73%
1970 Soudan
71%
1962 Ethiopie
66%
1974 RDC
46%
1968 RDC
46%
Aucun quiz correspondant
Distribution des résultats
% des personnes avec chaque résultat
Percentile par nombre de réponses
Votre historique - résultats
Vous n’avez pas pris ce quiz